Made in China 2025: Dohnat a předehnat

Priemysel 4.0 koncepcie a definície. Súčasná ekonomická situácia Číny. Iniciatíva Made in China 2015. Súčasné štrukturálne zmeny čínskej ekonomiky. Cesta, ktorou by chcela Čína kráčať do budúcna.

Saved in:
Bibliographic Details
Main Author: Krejčí, Jan
Other Authors: Maršíková, Ivona
Format: Book Chapter
Language:Czech
Subjects:
Tags: Add Tag
No Tags, Be the first to tag this record!

MARC

LEADER 00000naa a2200000 4500
001 0248828
005 20220713131141.5
041 0 |a cze 
044 |a CZ 
245 1 0 |a Made in China 2025: Dohnat a předehnat  |c Jan Krejčí, Ivona Maršíková 
520 |a Priemysel 4.0 koncepcie a definície. Súčasná ekonomická situácia Číny. Iniciatíva Made in China 2015. Súčasné štrukturálne zmeny čínskej ekonomiky. Cesta, ktorou by chcela Čína kráčať do budúcna. 
610 2 0 |a Čína 
610 2 0 |a vývoj hospodársky 
610 2 0 |a reformy štruktúrne 
610 2 0 |a priemysel 4.0 
610 2 0 |a trh medzinárodný 
610 2 0 |a politika hospodárska 
610 2 0 |a politika hospodárska medzinárodná 
100 1 |a Krejčí, Jan 
700 1 |a Maršíková, Ivona